Statistiken für Ländernamen - Wörterquiz

Klicken Sie hier um das Quiz zu spielen!

Allgemein

  • Dieses Quiz wurde 1.084 mal gespielt
  • Das Durchschnittsergebnis liegt bei 12 aus 22

Antwortstatistiken

HintAntwort% Korrekt
Wort der Zustimmung + Pfanne (englisch)Japan
94%
Wiederkäuer + Warten (englisch)Kuwait
89%
Himmelsrichtung + Hit von TotoSüdafrika
86%
Vorname von Zappa + Sehr wohlhabendFrankreich
78%
Symbol für Sauerstoff + Mitglied des maskulinem GeschlechtsOman
74%
Einheit für Stoffmenge (Chemie) + Ja (russisch) + Hauptstadt Österreichs Moldawien
64%
Spitzname von Montana Black + Veraltete Bezeichnung für AfroamerikanerMontenegro
64%
Ich (englisch) + Sportsendung auf Sat-1Iran
63%
Großes Nutztier + Symbol für BariumKuba
59%
Konsumiere Buch + Vorname von WaalkesLesotho
56%
Magische Fabelwesen + Untere Körper-Extremität + Land am MeerElfenbeinküste
55%
Kneipe + Schlecht (englisch) + Abkürzung für BetriebssystemBarbados
54%
Ehegatte von Queen Elizabeth II + nicht aussenPhilippinen
53%
Verrückt (englisch) + Kennzeichen von Augsburg + Aggregatzustand + Freitag vor OsternMadagaskar
50%
Abkürzung für Vater + leicht warmPalau
45%
Nicht Oder (Abkürzung) + Straßen (Akkusativ)Norwegen
40%
Sehr hoher militärischer Rang + Von Wasser umgebene LandmassenMarschall-Inseln
38%
Buch (Latein) + Ausruf des EselsLiberia
37%
(Unabhängiges) Musik- und Filmgenre (Kurzform) + Symbol für StickstoffIndien
36%
Asche + Gegenteil von StadtRussland
35%
Brühe/Aufguss + Nicht ausSudan
33%
Runter + Staat (Dativ)Niederlande
26%

Verteilung der Resultate

Perzentil nach korrekt beantworteten Fragen

Anzahl Personen mit jedem Resultat

Ihre Resultats-Entwicklung

Sie haben dieses Quiz noch nicht gespielt